Journeys through ethnography : realistic accounts of fieldwork

Saved in:
Bibliographic Details
Other Authors: Lareau, Annette (Editor), Shultz, Jeffrey J. (Editor)
Format: Book
Language:English
Published: Oxford : Westview Press, c1996
Subjects:
Tags: Add Tag
No Tags, Be the first to tag this record!

MARC

LEADER 00000nam a2200000 i 4500
001 1/103275
008 000301s1996 eng d
020 |a 0-8133-2638-9 
035 |l 10058405 
040 |a GR-MY-UA  |b gre  |e aacr 
041 0 |a eng 
082 0 |a 305.800723 
245 1 0 |a Journeys through ethnography :  |b realistic accounts of fieldwork /  |c Edited by Annette Lareau and Jeffrey Shultz 
260 |a Oxford :   |b Westview Press,   |c c1996 
300 |a 260 p. 
504 |a Includes bibliographical references and index 
650 0 0 |a Ethnology  |x Fieldwork. 
650 0 0 |a Ethnology  |x Methodology. 
700 1 |a Lareau, Annette.  |4 edt 
700 1 |a Shultz, Jeffrey J.  |4 edt 
852 |a INST  |b LESVOS  |e 20000301  |h 305.800723 JOU  |p 005100023547  |q 005100023547  |t BK  |y 0 
901 |a BIBL1-2000-1 
909 |a Λ  |b 074825 
922 |a 1ΕΛΗ  |b 200001  |c ΚΠΣ/ΤΚ  |d GLORY 
950 |a 103-1999-12-8 
970 |a ΜΟΥΣΤΑΚΑ  |b ΠΗΝΕΛΟΠΗ  |z 2000/03/14